Siddha system of herbal cure (Record no. 6380)

MARC details
000 -LEADER
fixed length control field 00769 a2200205 4500
005 - DATE AND TIME OF LATEST TRANSACTION
control field 20080827151457.0
008 - FIXED-LENGTH DATA ELEMENTS--GENERAL INFORMATION
fixed length control field 080827t xxu||||| |||| 00| 0 eng d
010 ## - LIBRARY OF CONGRESS CONTROL NUMBER
LC control number ENG-87299
020 ## - INTERNATIONAL STANDARD BOOK NUMBER
Terms of availability 80.00
035 ## - SYSTEM CONTROL NUMBER
System control number EN-70832
037 ## - SOURCE OF ACQUISITION
Source of stock number/acquisition DBAD / PUB
082 ## - DEWEY DECIMAL CLASSIFICATION NUMBER
Classification number 615.53
100 ## - MAIN ENTRY--PERSONAL NAME
Personal name Pillai, S. Chidambarathanu
245 ## - TITLE STATEMENT
Title Siddha system of herbal cure
260 ## - PUBLICATION, DISTRIBUTION, ETC. (IMPRINT)
Place of publication, distribution, etc Chennai
Name of publisher, distributor, etc Siddha Medical Literature Research Centre
Date of publication, distribution, etc 2006
270 ## - ADDRESS
Address Post Box 7162, E-32 Anna Nagar (East)
City Chennai
Postal code 600 102
300 ## - PHYSICAL DESCRIPTION
Extent Pt.2, iv, 106 p.
Dimensions 21 cm ( pbk.)
942 ## - ADDED ENTRY ELEMENTS (KOHA)
Institution code [OBSOLETE] dpl
Koha item type English Books
Call number prefix 615.53/PIL
Source of classification or shelving scheme Dewey Decimal Classification
Classification part 615.53
Call number suffix PIL
Holdings
Withdrawn status Lost status Damaged status Not for loan Home library Current library Date acquired Cost, normal purchase price Total Checkouts Full call number Barcode Date last seen Copy number Uniform Resource Identifier Cost, replacement price Price effective from Koha item type
        D.B.Act.Division D.B.Act.Division 27/08/2008 80.00   615.53 PIL EN-70832 15/09/2008 1 6894 80.00 15/09/2008 English Books

© Delhi Public Library
Hit Counter
free hit counter